Bệnh còi xương
Tallennettuna:
| Päätekijä: | |
|---|---|
| Aineistotyyppi: | Kirja |
| Kieli: | Undetermined |
| Julkaistu: |
Moskva
Tiến bộ
1970
|
| Aiheet: | |
| Tagit: |
Lisää tagi
Ei tageja, Lisää ensimmäinen tagi!
|
| Thư viện lưu trữ: | Trung tâm Học liệu Trường Đại học Cần Thơ |
|---|
| LEADER | 00493nam a2200181Ia 4500 | ||
|---|---|---|---|
| 001 | CTU_7769 | ||
| 008 | 210402s9999 xx 000 0 und d | ||
| 082 | |a 612.3 | ||
| 082 | |b S969 | ||
| 100 | |a K A Sviatkina | ||
| 245 | 0 | |a Bệnh còi xương | |
| 245 | 0 | |c K A Sviatkina | |
| 260 | |a Moskva | ||
| 260 | |b Tiến bộ | ||
| 260 | |c 1970 | ||
| 650 | |a nutrition,bones - deseases | ||
| 904 | |i Nguyễn Huỳnh Mai, 960829 | ||
| 980 | |a Trung tâm Học liệu Trường Đại học Cần Thơ | ||